000 00539nam a2200169Ia 4500
008 090711s9999 xx 000 0 und d
082 _b56632
100 _aपवार बा. ग.
245 _aकर्मवीर भाऊराव पाटील
260 _c1987
300 _a400
600 _aपवार बा. ग.
630 _aकर्मवीर भाऊराव पाटील
700 _aपवार बा. ग.
730 _aकर्मवीर भाऊराव पाटील
942 _cBOOK
999 _c318985
_d318985